|
|
|
|
| LEADER |
04147nam a2200925 i 4500 |
| 001 |
nkc20162799446 |
| 003 |
CZ PrNK |
| 005 |
20161114103122.0 |
| 007 |
ta |
| 008 |
160524s2016 xr a f 001 0 cze |
| 015 |
|
|
|a cnb002799446
|
| 020 |
|
|
|a 978-80-214-5282-4
|q (brožováno)
|
| 035 |
|
|
|a (OCoLC)956489180
|
| 040 |
|
|
|a ABA001
|b cze
|e rda
|
| 041 |
0 |
|
|a cze
|b eng
|
| 043 |
|
|
|a e-xr---
|
| 045 |
|
|
|a y-y-
|
| 072 |
|
7 |
|a 00
|x Věda. Všeobecnosti. Základy vědy a kultury. Vědecká práce
|2 Konspekt
|9 12
|
| 080 |
|
|
|a [001.102:004.738.5]-027.565
|2 MRF
|
| 080 |
|
|
|a [001.103:004.738.5]-027.565
|2 MRF
|
| 080 |
|
|
|a 001.102
|2 MRF
|
| 080 |
|
|
|a 316.77:001.83
|2 MRF
|
| 080 |
|
|
|a 004.91
|2 MRF
|
| 080 |
|
|
|a 351.85:007
|2 MRF
|
| 080 |
|
|
|a (437.3)
|2 MRF
|
| 080 |
|
|
|a (048.8:082)
|2 MRF
|
| 100 |
1 |
|
|a Bartošek, Miroslav,
|d 1957-
|7 jn19981000206
|4 aut
|
| 245 |
1 |
0 |
|a Otevřený přístup k vědeckým informacím: současný stav v České republice a ve světě /
|c Miroslav Bartošek, Petra Dědičová, Ondřej Fabián, Jiří Kotouček, Jiří Marek, Ivan Masár, Lucie Melicharová, Matěj Myška, Lenka Němečková, Lukáš Plch, Jiří Rákosník, Pavla Rygelová, Tereza Simandlová, Jan Skůpa, Lucie Straková, Peter Suber, Radka Syrová, Markéta Vávrová, Adam Vtípil
|
| 250 |
|
|
|a První vydání
|
| 264 |
|
1 |
|a Brno :
|b Vysoké učení technické v Brně, nakladatelství VUTIUM,
|c 2016
|
| 300 |
|
|
|a 265 stran :
|b ilustrace (převážně barevné) ;
|c 25 cm
|
| 336 |
|
|
|a text
|b txt
|2 rdacontent
|
| 337 |
|
|
|a bez média
|b n
|2 rdamedia
|
| 338 |
|
|
|a svazek
|b nc
|2 rdacarrier
|
| 500 |
|
|
|a Terminologický slovník
|
| 504 |
|
|
|a Obsahuje bibliografie, bibliografické odkazy a rejstřík
|
| 546 |
|
|
|a Anglické resumé
|
| 648 |
|
7 |
|a 21. století
|7 ch460559
|2 czenas
|
| 650 |
0 |
7 |
|a open access
|7 ph570647
|2 czenas
|
| 650 |
0 |
7 |
|a open access
|7 ph570647
|z Česko
|2 czenas
|
| 650 |
0 |
7 |
|a otevřená data
|7 ph841500
|2 czenas
|
| 650 |
0 |
7 |
|a vědecké informace
|7 ph127367
|y 21. století
|2 czenas
|
| 650 |
0 |
7 |
|a vědecká komunikace
|7 ph359623
|y 21. století
|2 czenas
|
| 650 |
0 |
7 |
|a elektronické publikování
|7 ph119892
|y 21. století
|2 czenas
|
| 650 |
0 |
7 |
|a informační politika
|7 ph138864
|y 21. století
|2 czenas
|
| 650 |
0 |
9 |
|a open access
|2 eczenas
|
| 650 |
0 |
9 |
|a open access
|z Czechia
|2 eczenas
|
| 650 |
0 |
9 |
|a open data
|2 eczenas
|
| 650 |
0 |
9 |
|a scientific information
|y 21st century
|2 eczenas
|
| 650 |
0 |
9 |
|a communication in science
|y 21st century
|2 eczenas
|
| 650 |
0 |
9 |
|a electronic publishing
|y 21st century
|2 eczenas
|
| 650 |
0 |
9 |
|a information politics
|y 21st century
|2 eczenas
|
| 655 |
|
7 |
|a kolektivní monografie
|7 fd501537
|2 czenas
|
| 655 |
|
9 |
|a collective monographs
|2 eczenas
|
| 700 |
1 |
|
|a Dědičová, Petra
|7 utb2016913870
|4 aut
|4 edt
|
| 700 |
1 |
|
|a Fabián, Ondřej
|7 js20090428003
|4 aut
|
| 700 |
1 |
|
|a Kotouček, Jiří
|7 utb2016913888
|4 aut
|
| 700 |
1 |
|
|a Marek, Jiří
|7 jo2016915897
|4 aut
|4 edt
|
| 700 |
1 |
|
|a Masár, Ivan,
|d 1984-
|7 utb2016913897
|4 aut
|
| 700 |
1 |
|
|a Melicharová, Lucie
|7 utb2016913900
|4 aut
|
| 700 |
1 |
|
|a Myška, Matěj,
|d 1984-
|7 mub2011622476
|4 aut
|
| 700 |
1 |
|
|a Němečková, Lenka,
|d 1980-
|7 js20090519004
|4 aut
|
| 700 |
1 |
|
|a Plch, Lukáš
|7 jo2016915903
|4 aut
|
| 700 |
1 |
|
|a Rákosník, Jiří,
|d 1950-
|7 ola2006323561
|4 aut
|
| 700 |
1 |
|
|a Rygelová, Pavla,
|d 1977-
|7 js20090515003
|4 aut
|4 edt
|
| 700 |
1 |
|
|a Simandlová, Tereza,
|d 1988-
|7 ola2012739471
|4 aut
|
| 700 |
1 |
|
|a Skůpa, Jan
|7 utb2016913874
|4 aut
|4 edt
|
| 700 |
1 |
|
|a Smolka, Lucie
|7 utb2016913907
|4 aut
|
| 700 |
1 |
|
|a Suber, Peter,
|d 1951-
|7 utb2012718677
|4 aut
|
| 700 |
1 |
|
|a Syrová, Radka
|7 utb2016913911
|4 aut
|
| 700 |
1 |
|
|a Vávrová, Markéta
|7 utb2016913914
|4 aut
|
| 700 |
1 |
|
|a Vtípil, Adam
|7 jo2016915906
|4 aut
|
| 910 |
2 |
|
|a BOA001
|b 2-1371.094
|
| 928 |
9 |
|
|a VUTIUM
|
| 990 |
|
|
|a BK
|
| 995 |
|
|
|a 01
|
| 991 |
|
|
|b 201607
|c NOV
|
| 996 |
6 |
|
|b 2610674938
|c 2-1371.094
|l MZK
|r Sklad / do 1 hodiny
|n 7
|p p.v.
|w 001567201
|u 000010
|a 1
|e BOA001
|j MZK50
|s P
|
| 996 |
6 |
|
|b 2610674939
|c 2-1371.094
|l MZK
|r HSS 4p
|n 0
|p p.v.
|h 00 BAR
|w 001567201
|u 000020
|a 0
|e BOA001
|j MZK50
|s P
|
| 996 |
7 |
|
|b 2610688181
|c 2-1371.094
|l MZK
|r Sklad / do 1 hodiny
|n 3
|p kup
|w 001567201
|u 000030
|a 1
|e BOA001
|j MZK50
|s A
|